| 000 | 01171cam a2200313 i 4500 | ||
|---|---|---|---|
| 001 | 44090 | ||
| 003 | Mx-PuUPA | ||
| 005 | 20250423091217.0 | ||
| 008 | 140415s2001 sp ao gr 000 0 spa d | ||
| 020 | _a8493216712 | ||
| 040 |
_aMx-PuUPA _bspa _cMx-PuUPA _dMx-PuUPA _erda |
||
| 041 | 1 |
_aspa _heng |
|
| 100 | 1 |
_aLee, Vinny, _eautor |
|
| 240 | 1 | 0 |
_aRecycled spaces. _lEspañol |
| 245 | 1 | 0 |
_aEspacios reciclados / _cVinny Lee ; versión castellana de Gloria Bohigas ; fotografías de Ray Main |
| 264 | 1 |
_aBarcelona, España : _bEditorial Gustavo Gili, _c2001 |
|
| 300 |
_a143páginas : _bilustraciones, fotografías (en color) ; _c25 cm |
||
| 336 |
_2rdacontent _atexto _btxt |
||
| 337 |
_2rdamedia _asin medio _bn |
||
| 338 |
_2rdacarrier _avolumen _bnc |
||
| 650 | 7 |
_2armarc _aArquitectura _xConservación y restauración |
|
| 650 | 7 |
_2armarc _aEdificios de apartamentos _xArquitectura |
|
| 700 | 1 |
_aBohigas, Gloria, _etraductor |
|
| 700 | 1 |
_aMain, Ray, _efotográfo |
|
| 765 | 0 |
_aLee, Vinny, _dGran Bretaña : Ryland Peters & Small, 2000 _tRecycled spaces |
|
| 942 |
_2ddc _cLI _h728.314 _iL4718 |
||
| 999 |
_c44090 _d44090 |
||